00534nam a2200181 4500001000200000003000900002005001700011008003100028020001500059040002600074082002100100100003800121245004800159260004700207300002200254650005700276700001900333 DO-SdBNP20220512083320.0131129s1994 nyu j b eng  a1566194849 aBPMSU bspacBPMSUe  a819.3bM787a2221 aMontgomery, Lucy Moudd1874-1942.10aAnne of green gables /cLucy M. Montgomery  aNeu York : b Barnes & Noble Books, c1994 a279 p.;c23 cmb  4aNovela juvenil canadiense.xLibros de lectura.v 2 1 aD'Altan, Paolo